[Event "SLO-ch U16"]
[Site "Rogaska Slatina"]
[Date "2009.02.24"]
[Round "5"]
[White "Benedicic, Izidor"]
[Black "Dolinar, Matic"]
[Result "1-0"]
[WhiteElo "1500"]
[BlackElo "1500"]
[PlyCount "26"]
[EventDate "2009.02.22"]
[EventType "swiss"]
[EventRounds "9"]
[EventCountry "SLO"]
[SourceTitle "CBM 129 Extra"]
[Source "ChessBase"]
[SourceDate "2009.05.05"]
[SourceVersion "2"]
[SourceVersionDate "2009.05.20"]
[SourceQuality "1"]

1. e4 e5 2. Nf3 Nc6 3. Bb5 a6 4. Bxc6 bxc6 5. 0-0 Nf6 6. Nxe5 Qe7 7. Nf3 Nxe4 8. Re1 d5 9. d3 Bg4 10. h3 Bxf3 11. Qxf3 Qd7 12. dxe4 dxe4 13. Qxe4+ Be7 1-0

[Event "SLO-ch U14"]
[Site "Postojna"]
[Date "2008.02.24"]
[Round "1"]
[White "Benedicic, Izidor"]
[Black "Kralj, Samo"]
[Result "1/2-1/2"]
[WhiteElo "1500"]
[BlackElo "1570"]
[PlyCount "149"]
[EventDate "2008.02.24"]
[EventType "swiss"]
[EventRounds "9"]
[EventCountry "SLO"]
[SourceTitle "EXT 2010"]
[Source "ChessBase"]
[SourceDate "2010.11.25"]
[SourceVersion "1"]
[SourceVersionDate "2010.11.25"]
[SourceQuality "1"]

1. e4 e5 2. Nf3 Nc6 3. Bc4 Bc5 4. b4 Bxb4 5. c3 Ba5 6. 0-0 d6 7. d4 exd4 8. cxd4 Nge7 9. Bg5 0-0 10. e5 d5 11. Bd3 h6 12. Bh4 Bg4 13. h3 Bh5 14. Be2 Qd7 15. Nh2 Bxe2 16. Qxe2 Ng6 17. Bg3 Nxd4 18. Qd3 Ne6 19. Nc3 Bxc3 20. Qxc3 c5 21. Rfd1 Rfd8 22. f4 Ngxf4 23. Bxf4 Nxf4 24. Qxc5 b6 25. Qf2 Ne6 26. Ng4 Qe7 27. Ne3 d4 28. Nf5 Qg5 29. Nxd4 Nxd4 30. Rxd4 Qxe5 31. Rad1 Rxd4 32. Qxd4 Qxd4+ 33. Rxd4 a5 34. a4 Rb8 35. Kf1 b5 36. Ke2 bxa4 37. Rxa4 Rb5 38. Kd3 Kf8 39. Kc4 Rb4+ 40. Rxb4 axb4 41. Kxb4 Ke7 42. Kc3 Ke6 43. Kd3 Kd5 44. Ke3 Ke5 45. Kf3 Kf5 46. g3 h5 47. Kf2 g5 48. Kf3 Ke5 49. Ke3 h4 50. g4 f6 51. Kf3 Kd4 52. Kf2 Ke4 53. Ke2 Kf4 54. Kf2 Ke4 55. Ke2 Kd5 56. Kd3 f5 57. gxf5 g4 58. Ke3 g3 59. Kf3 Ke5 60. Kg2 Kf6 61. Kg1 Kxf5 62. Kf1 Ke5 63. Ke1 Kf4 64. Ke2 Ke4 65. Kf1 Ke3 66. Kg1 Ke2 67. Kg2 Ke3 68. Kg1 Kf3 69. Kf1 Ke3 70. Kg1 Ke2 71. Kg2 Ke1 72. Kg1 Ke2 73. Kg2 Ke3 74. Kg1 Kf3 75. Kf1 1/2-1/2